00512nam a2200157 i 4500001000300000100002500003245007700028260002100105040000800126041000800134942000700142008004100149999001700190856009800207952004900305bg1 aTANENBAUM, Andrew S. 0aOrganizacja maszyn cyfrowych w ujęciu strukturalnym /cA.S. Tanenbaum. aWarszawa,c1980. cBPK apol cKS s pl f |000 0 pol  c19998d19998 uhttp://koha.tu.koszalin.pl/cgi-bin/koha/opac-detail.pl?biblionumber=19998yKatalog online BPK 00104070aBPKbBPKcwo28225p01078619yKS